000 00783nam a2200229 i 4500
001 C2-0338139
003 PPAK
005 20180728140632.0
008 160929s my o|||| ||||| | may d
040 _aPPAK
_beng
_cPPAK
_erda
082 0 4 _a027.4595112
_223
090 0 0 _a027.4595112
_bHAS
_dKK
100 0 _aHasnah Haji Taha,
_eauthor
245 1 0 _aPembangunan koleksi tempatan & sejarah lisan :
_bpengalaman Perpustakaan Awam Kedah
264 1 _aAlor Setar, Kedah :
_bPerbadanan Perpustakaan Awam Kedah ,
_c[date of publication not identified]
300 _amukasurat pelbagai :
_bphotographs ;
_c30 cm
336 _2rdacontent
_atext
337 _2rdamedia
_aunmediated
338 _2rdacarrier
_avolume
650 1 0 _aPublic libraries - Services - Kedah.
942 _ddc
_cB
999 _c135600
_d135600